|
|
|
|
| LEADER |
00651cam a2200169 7i4500 |
| 001 |
0000026803 |
| 005 |
20110818090000.0 |
| 090 |
0 |
0 |
|a STD 297.576
|b DEP
|
| 110 |
2 |
0 |
|a Department of Standards Malaysia
|
| 245 |
2 |
0 |
|a Malaysian standards :
|b halal pharmaceuticals - general guidelines.
|
| 260 |
0 |
0 |
|a Cyberjaya:
|b Department of Standards Malaysia,
|c 2010.
|
| 300 |
# |
# |
|a 10 p.
|
| 440 |
0 |
0 |
|a Malaysian standards MS 2424 : 2010 (P)
|
| 650 |
0 |
0 |
|a Medicine --
|x Halal --
|x Malaysian standards --
|z Malaysia
|
| 650 |
0 |
0 |
|a Pharmaceuticals --
|x Halal --
|x Malaysian standards --
|z Malaysia
|
| 651 |
0 |
0 |
|a Malaysia
|
| 999 |
|
|
|a 0000029109
|b Book
|c Standards
|e Business Information Centre
|